000 00888nam a22002057a 4500
003 OSt
005 20260415182415.0
008 230703b ||||| |||| 00| 0 eng d
040 _c0
082 _aDPer 370.15 J826 April-May 2020 v. 112 n. 3-4
100 _aKim, Young-Suk Grace.
_eauthor.
_948483
245 _aHierarchical and dynamic relations of language and cognitive skills to reading comprehension :
_btesting the direct and indirect effects model of reading (DIER) /
_cYoung-Suk Grace Kim.
260 _aWashington ;
_bAmerican Psychological Association ,
_cMay 2020.
300 _aVolume 112, pages 667-684 :
_billustration ;
_c28 cm.
500 _aJournal of Educational Psychology, vol. 112, no. 4, pages 667-684, May 2020.
650 _aReading comprehension.
_948484
650 _aDynamics.
_948485
700 _aKim, Young-Suk Grace.
_eauthor.
_948483
942 _2ddc
_cPER
999 _c18100
_d18100